000
00288nam a2200121Ia 4500
008
191201s2008 xx 000 0 und d
100
_a
SHARMA, Sandhir
245
0
_a
Management Information Systems
260
_a
N. Delhi
_b
Novatech
_c
2008
300
_a
308
650
_a
MBA
942
_2
ddc
_c
BK
999
_c
131
_d
131